000 00328nam a22001457a 4500
008 180919b xxu||||| |||| 00| 0 eng d
020 _a9781412987660
041 _aeng
080 _a37
082 _a37
100 _a25
101 _aEDU
245 _aStandards and Accountability in Schools
_cLasley,Th.J
942 _2udc
_cBK
999 _c47989
_d47989